书目信息 |
| 题名: |
沉思录
|
|
| 作者: | 奥勒留 著 ;何怀宏 译 | |
| 分册: | ||
| 出版信息: | 北京 中央编译出版社 2008.04 |
|
| 页数: | 417页 | |
| 开本: | 21cm | |
| 丛书名: | ||
| 单 册: | ||
| 中图分类: | B502.43 | |
| 科图分类: | ||
| 主题词: | 新斯多葛派--xin si duo ge pai--哲学思想--英语--汉语 | |
| 电子资源: | ||
| ISBN: | 978-7-80211-629-0 | |
| 000 | 00982nam0 2200265 450 | |
| 001 | 012008388542 | |
| 005 | 20080611172140.34 | |
| 010 | @a978-7-80211-629-0@dCNY32.00 | |
| 100 | @a20080611d2008 em y0chiy0120 ea | |
| 101 | 2 | @achi@aeng@ceng |
| 102 | @aCN@b110000 | |
| 105 | @ay z 000yy | |
| 106 | @ar | |
| 200 | 1 | @a沉思录@Achen si lu@f马克·奥勒留著@Fma ke·ao le liu zhu@d= Meditations@fMarcus Aurelius@g何怀宏译@Ghe huai hong yi@zeng |
| 210 | @a北京@c中央编译出版社@d2008.04 | |
| 215 | @a417页@d21cm | |
| 300 | @a中英双语·典藏本 | |
| 330 | @a本书是一部自己写给自己的书,是自己和自己的十二篇对话,探讨了自然与社会、宇宙与人生的关系;探讨了人与人之间的关系和个人独特的内心世界。 | |
| 510 | 1 | @aMeditations@zeng |
| 606 | 0 | @a新斯多葛派@Axin si duo ge pai@x哲学思想@x英语@x汉语 |
| 690 | @aB502.43@v4 | |
| 701 | 1 | @a奥勒留@Aao le liu@g(Aurelius, Marcus)@4著 |
| 702 | 0 | @a何怀宏@Ahe huai hong@4译 |
| 801 | 0 | @aCN@bQSSK@c20080611 |
| 905 | @b725959-61@dB502.43@eA761@f3 | |
| 沉思录/马克·奥勒留著= Meditations/Marcus Aurelius/何怀宏译.-北京:中央编译出版社,2008.04 |
| 417页;21cm |
| 中英双语·典藏本 |
| ISBN 978-7-80211-629-0:CNY32.00 |
| 本书是一部自己写给自己的书,是自己和自己的十二篇对话,探讨了自然与社会、宇宙与人生的关系;探讨了人与人之间的关系和个人独特的内心世界。 |
| ● |
| 相关链接 |
|
|
|
正题名:沉思录
索取号:B502.43/A761
 
预约/预借
| 序号 | 登录号 | 条形码 | 馆藏地/架位号 | 状态 | 备注 |
| 1 | 725959 | 207259599 | 社科库509/509社科库 16排4列6层/ [索取号:B502.43/A761] | 在馆 | |
| 2 | 725960 | 207259606 | 社科库509/ [索取号:B502.43/A761] | 在馆 |